An anthology of Greek drama. (Record no. 23485)
[ view plain ]
| 000 -LEADER | |
|---|---|
| fixed length control field | 00942cam a22002771 4500 |
| 001 - CONTROL NUMBER | |
| control field | 23485 |
| 003 - CONTROL NUMBER IDENTIFIER | |
| rucl marc code | BD-RjUL |
| 005 - DATE AND TIME OF LATEST TRANSACTION | |
| control field | 20260104153341.0 |
| 008 - FIXED-LENGTH DATA ELEMENTS--GENERAL INFORMATION | |
| fixed length control field | 140311s19551949nyu b 000 0 eng |
| 035 ## - SYSTEM CONTROL NUMBER | |
| System control number | (BD-RjUL)23550 |
| 040 ## - CATALOGING SOURCE | |
| Original cataloging agency | DLC |
| Transcribing agency | DLC |
| Modifying agency | DLC |
| Language of cataloging | eng |
| 041 ## - LANGUAGE CODE | |
| Language code of text/sound track or separate title | eng |
| 082 00 - DEWEY DECIMAL CLASSIFICATION NUMBER | |
| Classification number | 882.082 |
| Author mark and year | ANT 1955 |
| 100 1# - MAIN ENTRY--PERSONAL NAME | |
| Personal name | Robinson, Charles Alexander, |
| Dates associated with a name | 1900-1965, |
| 9 (RLIN) | 72322 |
| 245 13 - TITLE STATEMENT | |
| Title | An anthology of Greek drama. |
| 260 ## - PUBLICATION, DISTRIBUTION, ETC. (IMPRINT) | |
| Place of publication, distribution, etc. | New York : |
| Name of publisher, distributor, etc. | Rinehart, |
| Date of publication, distribution, etc. | C1949 [reprinting 1955] |
| 300 ## - PHYSICAL DESCRIPTION | |
| Pagination | xx, 6, 269 p. ; |
| Size | 19 cm. |
| 490 0# - SERIES STATEMENT | |
| Series statement | Rinehart editions, 29 |
| 504 ## - BIBLIOGRAPHY, ETC. NOTE | |
| Bibliography, etc | "Bibliographical note": p. [xxi] |
| 505 0# - FORMATTED CONTENTS NOTE | |
| Formatted contents note | Agamemnon, by Aeschylus.--Oedipus the King, and Antigone, by Sophocles.--Medea, and Hippolytus, by Euripides.--Lysistrata, by Aristophanes. |
| 650 #0 - SUBJECT ADDED ENTRY--TOPICAL TERM | |
| Topical term or geographic name as entry element | Greek drama |
| Form subdivision | Translations into English. |
| 9 (RLIN) | 66804 |
| Topical term or geographic name as entry element | Mythology, Greek |
| Form subdivision | Drama. |
| 9 (RLIN) | 67834 |
| 942 ## - ADDED ENTRY ELEMENTS (KOHA) | |
| Source of classification or shelving scheme | Dewey Decimal Classification |
| Koha item type | Books |
| Lost status | Source of classification or shelving scheme | Damaged status | Not for loan | Collection code | Permanent Location | Current Location | Shelving location | Date acquired | Source of acquisition | Cost, normal purchase price | Full call number | Date last seen | Copy number | Koha item type | Total Checkouts |
|---|---|---|---|---|---|---|---|---|---|---|---|---|---|---|---|
| Dewey Decimal Classification | Not For Loan | Fiction | Central Library, University of Rajshahi | Central Library, University of Rajshahi | Reading Room | 03/11/1958 | Asia foundation | 0.00 | 882.082 ANT 1955 | 11/03/2014 | C-1 | Books | |||
| Dewey Decimal Classification | Fiction | Central Library, University of Rajshahi | Central Library, University of Rajshahi | General Stacks | 05/01/2026 | 882.082 ANT 1955 | 05/01/2026 | C-2 | Books |